000 00738nam a2200241Ia 4500
003 OSt
005 20220926030436.0
006 a|||||r|||| 00| 0
007 ta
008 220923b |||||||| |||| 00| 0 eng d
037 _cGeneral Book
040 _aRTL
_cRTL
_beng
041 _2eng
_aeng
082 _aX425:75.730k1.N5, J5
100 _aGorter Wytze
_9334294
245 0 _aUnited States merchant marine policies
_b Some inte
260 _aPrinceton
_bPrinceton University
_c1955
300 _a16p.
_ccm.
490 _aEssays in International Finance. 23.
650 _aOcean Transport Economics
_9242451
942 _hX425:75.730k1.N5, J5
_cGB
_2CC
999 _c649757
_d649757